000 00364nam a22001577a 4500
003 OSt
008 200703b ||||| |||| 00| 0 eng d
020 _a9789374734551
082 _a615 KUT
100 _aKumar, N
245 _aA Textbook Of Pharmacology
260 _aDelhi
_bAitbs Publishers
_c2019
300 _a291
650 _aPharmacology
942 _2ddc
_cBK
999 _c8693
_d8693